| 000 | 00619nam a22001817a 4500 | ||
|---|---|---|---|
| 005 | 20250825151312.0 | ||
| 010 | _aENG-146503 | ||
| 020 |
_a9789391878696 _c350.00 |
||
| 035 | _aEN-130035 | ||
| 037 | _bDBAD | ||
| 082 | _a388.095451 | ||
| 100 |
_aChandra, Phukan Khagen _984324 |
||
| 245 |
_aDISCERNMENT AND INTROSPECTION : _bHISTORY AND POLITY OF THE AHOM/ _cPhukan Khagen Chandra |
||
| 260 |
_aGuwahati _bPurbanchal Prakash _c2022 |
||
| 270 |
_aH.No.-2, Sewjee Path, Dr. B.N. Saikia Path, Wireless, Guwahati-781006 _bGuwahati |
||
| 300 |
_a149p. _c22cm.(Hb) |
||
| 942 |
_2ddc _cEN _h388.095451 _mPHU |
||
| 999 |
_c213153 _d213153 |
||